[Event "Muensterland Verbandsliga 1617"]
[Site "Germany"]
[Date "2016.09.10"]
[Round "1.8"]
[White "Hanewinkel, Christian"]
[Black "Wechsler, Bjoern"]
[Result "1/2-1/2"]
[WhiteElo "1672"]
[BlackElo "1441"]
[PlyCount "76"]
[EventDate "2016.09.10"]
[EventType "team"]
[EventRounds "9"]
[EventCountry "GER"]
[SourceTitle "EXT 2018"]
[Source "ChessBase"]
[SourceDate "2017.10.13"]
[SourceVersion "1"]
[SourceVersionDate "2017.10.13"]
[SourceQuality "1"]
[WhiteTeam "Beelen"]
[BlackTeam "Borken"]
[WhiteTeamCountry "GER"]
[BlackTeamCountry "GER"]

1. e4 e5 2. Nf3 Nc6 3. Bb5 d6 4. d4 exd4 5. Nxd4 Bd7 6. c3 Nxd4 7. Bxd7+ Qxd7 8. cxd4 Nf6 9. 0-0 Be7 10. Nc3 0-0 11. h3 Rad8 12. Bg5 h6 13. Be3 b6 14. d5 Qc8 15. Qa4 Qb7 16. Rac1 a6 17. Ne2 Rc8 18. Rc6 Nd7 19. f4 Bf6 20. Bd4 Bxd4+ 21. Nxd4 Rfe8 22. Nf5 Nf6 23. Ng3 Re7 24. Qd4 Rce8 25. Re1 Qc8 26. Re3 Qd8 27. Kf2 h5 28. Kf3 h4 29. Nf5 Rxe4 30. Rxe4 Rxe4 31. Qc3 Qd7 32. Nh6+ Kf8 33. Rxc7 Nxd5 34. Rxd7 Rxf4+ 35. Ke2 Nxc3+ 36. bxc3 gxh6 37. Rxd6 Ra4 38. Rd2 b5 1/2-1/2

[Event "Muensterland Verbandsklasse 1314"]
[Site "Germany"]
[Date "2014.03.08"]
[Round "7.8"]
[White "Vinkelau, Heinz"]
[Black "Wechsler, Bjoern"]
[Result "1/2-1/2"]
[WhiteElo "1498"]
[BlackElo "1382"]
[PlyCount "28"]
[EventDate "2013.09.21"]
[EventType "team-tourn"]
[EventRounds "9"]
[EventCountry "GER"]
[SourceTitle "EXT 2015"]
[Source "ChessBase"]
[SourceDate "2014.11.20"]
[SourceVersion "1"]
[SourceVersionDate "2014.11.20"]
[SourceQuality "1"]
[WhiteTeam "Metelen"]
[BlackTeam "Borken"]
[WhiteTeamCountry "GER"]
[BlackTeamCountry "GER"]

1. c4 e5 2. Nc3 Nf6 3. Nf3 d6 4. h3 Be7 5. d4 exd4 6. Nxd4 0-0 7. Bf4 a6 8. e3 Bd7 9. Bd3 Nc6 10. 0-0 Nxd4 11. exd4 c6 12. Qc2 h6 13. Rae1 Be6 14. b3 d5 1/2-1/2

[Event "Muensterland Verbandsklasse-B 0809"]
[Site "Germany"]
[Date "2009.01.10"]
[Round "5.8"]
[White "Kaiser, Guenter1111"]
[Black "Wechsler, Bjoern"]
[Result "1-0"]
[WhiteElo "1635"]
[BlackElo "1380"]
[PlyCount "69"]
[EventDate "2008.09.13"]
[EventType "team-tourn"]
[EventRounds "9"]
[EventCountry "GER"]
[SourceTitle "EXT 2010"]
[Source "ChessBase"]
[SourceDate "2010.11.25"]
[SourceVersion "1"]
[SourceVersionDate "2010.11.25"]
[SourceQuality "1"]
[WhiteTeam "Ochtrup"]
[BlackTeam "Borken"]
[WhiteTeamCountry "GER"]
[BlackTeamCountry "GER"]

1. e4 e5 2. Nc3 Nf6 3. Bc4 Nc6 4. d3 Be7 5. f4 d6 6. f5 Nd7 7. Nf3 Nd4 8. 0-0 Nb6 9. Be3 Bf6 10. Ne2 Nxe2+ 11. Qxe2 Nxc4 12. dxc4 Bd7 13. Qd3 Qe7 14. Rad1 0-0-0 15. b4 g6 16. Qa3 Bc6 17. Nd2 gxf5 18. b5 Bxe4 19. Nxe4 fxe4 20. Qxa7 b6 21. Qa8+ Kd7 22. Qc6+ Ke6 23. Qxe4 Kd7 24. Qf5+ Qe6 25. Qxf6 Qxc4 26. Qxf7+ Qxf7 27. Rxf7+ Kc8 28. Rdf1 h5 29. R1f6 d5 30. Re6 e4 31. Ree7 d4 32. Rxc7+ Kb8 33. Rb7+ Ka8 34. Ra7+ Kb8 35. Bf4+ 1-0

[Event "Muensterland Verbandsklasse-B 0708"]
[Site "Germany"]
[Date "2008.02.16"]
[Round "6.8"]
[White "Zachert, Axel"]
[Black "Wechsler, Bjoern"]
[Result "1/2-1/2"]
[WhiteElo "1587"]
[BlackElo "1365"]
[PlyCount "26"]
[EventDate "2007.09.15"]
[EventType "team"]
[EventRounds "9"]
[EventCountry "GER"]
[SourceTitle "EXT 2009"]
[Source "ChessBase"]
[SourceDate "2008.11.26"]
[SourceVersion "1"]
[SourceVersionDate "2008.11.26"]
[SourceQuality "1"]
[WhiteTeam "Westerkappeln"]
[BlackTeam "Borken"]
[WhiteTeamCountry "GER"]
[BlackTeamCountry "GER"]

1. d4 d5 2. Nf3 Nf6 3. g3 Bf5 4. Bg2 e6 5. 0-0 Bd6 6. Bg5 Nbd7 7. Nbd2 h6 8. Bxf6 Nxf6 9. c4 c6 10. c5 Be7 11. b4 0-0 12. a4 b6 13. Ne5 Qc7 1/2-1/2